Democracy and the Discourse on Relevance Within the Academic Profession at Makerere University (Record no. 16801)
[ view plain ]
| 000 -LEADER | |
|---|---|
| fixed length control field | 00592nam a2200121Ia 4500 |
| 008 - FIXED-LENGTH DATA ELEMENTS--GENERAL INFORMATION | |
| fixed length control field | 220615s9999||||xx |||||||||||||| ||und|| |
| 100 ## - MAIN ENTRY--PERSONAL NAME | |
| Personal name | Felde, Andrea||Halvorsen, Tor||Myrtveit, Anja||Øygard, Reidar |
| 245 #0 - TITLE STATEMENT | |
| Title | Democracy and the Discourse on Relevance Within the Academic Profession at Makerere University |
| 546 ## - LANGUAGE NOTE | |
| Language note | English[eng] |
| 650 ## - SUBJECT ADDED ENTRY--TOPICAL TERM | |
| Topical term or geographic name entry element | Democracy||discourse||higher education||knowledge production |
| 856 ## - ELECTRONIC LOCATION AND ACCESS | |
| Uniform Resource Identifier | <a href="https://library.oapen.org/bitstream/20.500.12657/51175/1/9781928502272.pdf||https://library.oapen.org/bitstream/20.500.12657/51175/1/9781928502272.pdf">https://library.oapen.org/bitstream/20.500.12657/51175/1/9781928502272.pdf||https://library.oapen.org/bitstream/20.500.12657/51175/1/9781928502272.pdf</a> |
| 942 ## - ADDED ENTRY ELEMENTS (KOHA) | |
| Koha item type | E-Books |
| Withdrawn status | Lost status | Damaged status | Not for loan | Home library | Current library | Date acquired | Total Checkouts | Date last seen | Price effective from | Koha item type |
|---|---|---|---|---|---|---|---|---|---|---|
| Kerala University of Digital Sciences, Innovation and Technology Knowledge Centre | Kerala University of Digital Sciences, Innovation and Technology Knowledge Centre | 15/06/2022 | 15/06/2022 | 15/06/2022 | E-Books |